Estatísticas para Hungria

Clique aqui para jogar o quiz

Estatísticas Gerais

  • Esse quiz foi jogado 3 vezes
  • A pontuação média é 2 de 14

Estatísticas das Respostas

Resposta% Correto
Budapeste
67%
Castelo de Buda
67%
Parlamento de Budapeste
67%
Esztergom Basilica
33%
Basílica de Santo Estêvão
0%
Bastião dos Pescadores
0%
Debrecen
0%
Eger
0%
Lillafüred
0%
Miskolc
0%
Ponte Széchenyi Lánchíd
0%
Praça dos Heróis
0%
Rio Tisza
0%
Termas de Széchenyi
0%

Distribuição das Pontuações

Percentil de Números Respondidos

Porcentagem de Pessoas com Cada Pontuação

Sua Pontuação Histórica

Você não jogou esse quiz